Statistics for Innocent lyrics

Click here to take the quiz!

General Stats

  • This quiz has been taken 208 times
  • The average score is 264 of 314

Answer Stats

Lyrics% Correct
I
99%
in
98%
you
98%
you?
98%
You
98%
a
96%
it
96%
your
96%
Your
96%
an
95%
innocent
95%
to
95%
still
94%
'til
94%
You're
94%
is
93%
are
92%
not
92%
Who
92%
who
92%
and
91%
And
91%
be
91%
did
90%
Did
90%
It's
90%
what
90%
me
89%
up
89%
just
88%
been
87%
of,
87%
of
87%
too
87%
you've
87%
on
86%
this
86%
time
86%
Time
86%
now
84%
now,
84%
the
84%
32
83%
Every
83%
growin'
83%
life
83%
Oh,
83%
oh
83%
okay,
83%
see
83%
when
82%
where
82%
wait
81%
bright
80%
days?
80%
one
80%
lights
79%
us
79%
Wasn't
79%
alright,
78%
easier
78%
guess
78%
never
78%
really
78%
string
78%
tough
78%
new
77%
then
77%
beautiful
75%
brand
75%
late
75%
Always
74%
back
74%
believed
74%
crowd
74%
everything
74%
messed
74%
mind
74%
You'll
74%
believed
73%
get
73%
lunchbox
73%
have
72%
into
72%
like
72%
Lost
72%
lost
72%
today
72%
all
71%
bigger
71%
has
71%
know
71%
can't
70%
catchin'
70%
embers
70%
everybody
70%
firefly
70%
flames
70%
if
70%
Septembers
70%
some
70%
turns
70%
bed
69%
but
69%
out
69%
tightrope,
69%
yourself
69%
balance
68%
crawl
68%
hope
68%
caught
67%
remember
67%
tryin'
67%
weather
67%
monsters
66%
warpath
66%
at
65%
change
65%
things
65%
speak
64%
again
63%
down
63%
fell
63%
runnin'
63%
asleep,
62%
night
62%
only
62%
brought
61%
Left
60%
reach,
60%
wild
60%
wouldn't
59%
had
58%
live
58%
someone
58%
floor
57%
before
56%
shattered
54%
seen
52%
Minds
48%

Score Distribution

Percentile by Number Answered

Percent of People with Each Score

Your Score History

You have not taken this quiz